| 000 | 00762nam a2200217 a 4500 | ||
|---|---|---|---|
| 001 | 000042276 | ||
| 005 | 20250526115843.0 | ||
| 008 | 131121s1971 sp 000 0 spa d | ||
| 040 |
_aDO-SdBNP _bspa _cBNPHU |
||
| 082 |
_axxx _bM322a |
||
| 100 | 1 |
_aMarcuse, Herbert, _d1898-1979 _95128 |
|
| 240 | 1 | 0 |
_aAggressiveness in advanced industrial society _lEspañol |
| 245 | 1 | 3 |
_aLa agresividad en la sociedad industrial avanzada y otros ensayos / _cHerbert Marcuse ; traductor, Juan Ignacio Saenz-Díez. |
| 260 |
_aMadrid _aAlianza, _c1971. |
||
| 300 |
_a134 p. ; _c18 cm. |
||
| 490 | 1 |
_aHumanidades; _v337; |
|
| 500 | _aLibro de bolsillo | ||
| 590 | _aInventariado, 2019/ YL | ||
| 700 | 1 | 2 |
_aSáenz-Díez, Juan Ignacio _etr. _969313 |
| 830 | 0 |
_ahumanidades _n337 _969314 |
|
| 999 |
_c41765 _d41765 |
||